Science Quiz

Random Science or Animal Quiz

Animals by Tails Close-Up Quiz Stats

 Plays Quiz Updated Nov 14, 2017

Also try: Which Mammal Am I?
Challenge
Share
Tweet
Score 0/16 Timer 03:00
5 Plays Today
Image number Animal % Correct
Horse
99.6%
Blue whale
98.2%
Giraffe
97%
Lion
96%
Squirrel
95.6%
Pig
95.4%
Elephant
94.3%
Dog
93.3%
Image number Animal % Correct
Rat
91.2%
Cheetah
90.3%
Skunk
88.7%
Sheep
88.5%
Raccoon
79.1%
Kangaroo
78.9%
Beaver
78.9%
Ring-tailed lemur
78.4%

You're not logged in!

Compare scores with friends on all Sporcle quizzes.
Join for Free
OR
Log In

You Might Also Like...

Show Comments

Extras

Top Quizzes Today


Score Distribution

Your Account Isn't Verified!

In order to create a playlist on Sporcle, you need to verify the email address you used during registration. Go to your Sporcle Settings to finish the process.

Report this User

Report this user for behavior that violates our Community Guidelines.

Details: